<?xml version="1.0" encoding="UTF-8"?>
<record
    xmlns:xsi="http://www.w3.org/2001/XMLSchema-instance"
    xsi:schemaLocation="http://www.loc.gov/MARC21/slim http://www.loc.gov/standards/marcxml/schema/MARC21slim.xsd"
    xmlns="http://www.loc.gov/MARC21/slim">

  <leader>02320    a2200229   4500</leader>
  <controlfield tag="003">OSt</controlfield>
  <controlfield tag="005">20180116182832.0</controlfield>
  <controlfield tag="008">160513b        xxu||||| |||| 00| 0 eng d</controlfield>
  <datafield tag="020" ind1=" " ind2=" ">
    <subfield code="a">0198601034 (hardcover)</subfield>
  </datafield>
  <datafield tag="020" ind1=" " ind2=" ">
    <subfield code="a">9780198601036 (hardcover)</subfield>
  </datafield>
  <datafield tag="040" ind1=" " ind2=" ">
    <subfield code="c">0</subfield>
  </datafield>
  <datafield tag="082" ind1="0" ind2="4">
    <subfield code="a">808.882 OXF 1999</subfield>
  </datafield>
  <datafield tag="100" ind1=" " ind2=" ">
    <subfield code="a">Elizabeth Knowles</subfield>
  </datafield>
  <datafield tag="245" ind1="1" ind2="4">
    <subfield code="a">The oxford dictionary of twentieth-century quotations /</subfield>
    <subfield code="c">Elizabeth Knowles.</subfield>
  </datafield>
  <datafield tag="250" ind1=" " ind2=" ">
    <subfield code="a">Later Printing ed.</subfield>
  </datafield>
  <datafield tag="260" ind1=" " ind2=" ">
    <subfield code="a">[S.l.] :</subfield>
    <subfield code="b">Oxford University Press, USA,</subfield>
    <subfield code="c">1999.</subfield>
  </datafield>
  <datafield tag="300" ind1=" " ind2=" ">
    <subfield code="a">496 p. ;</subfield>
    <subfield code="c">24 cm.</subfield>
  </datafield>
  <datafield tag="520" ind1=" " ind2=" ">
    <subfield code="a">In The Oxford Dictionary of Twentieth-Century Quotations, Elizabeth Knowles has brought together 5,000 quotations that provide a kaleidoscopic look at the last hundred years--from inspirational words that launched great political movements, to songs that made us dance, to witty lines that made us laugh. Here readers will find Franklin D. Roosevelt ("The only thing we have to fear is fear itself") and Martin Luther King, Jr. ("Injustice anywhere is a threat to justice everywhere"). There are numerous excerpts from works of art, from Franz Kafka's "It is often better to be in chains than to be free," to Cole Porter's "In olden days a glimpse of stocking / Was looked on as something shocking / Now, heaven knows, / Anything Goes." Knowles includes memorable flashes of wit, such as Dorothy Parker's "Men seldom make passes / At girls who wear glasses." And here too are the words of the notorious, such as Richard Nixon's "I am not a crook." In addition, the book features several special sections, including Misquotations, Newspaper Headlines ("Dewey defeats Truman"), Political Slogans ("Ban the Bomb"), Film Lines ("Let the force be with you"), and Anonymous ("Kilroy was here"). All quotations are organized alphabetically by author, and there are two indexes--a subject index and a key word index--to help readers find quotes when they don't know the author or when they need a quote to suit an occasion. The Oxford Dictionary of Twentieth-Century Quotations opens a unique window on our time, offering a panorama that is by turns amusing, appalling, uplifting, and memorable.</subfield>
  </datafield>
  <datafield tag="700" ind1="1" ind2=" ">
    <subfield code="a">Knowles, Elizabeth.</subfield>
  </datafield>
  <datafield tag="856" ind1="4" ind2="0">
    <subfield code="3">Amazon.com</subfield>
    <subfield code="u">http://www.amazon.com/exec/obidos/ASIN/0198601034/chopaconline-20</subfield>
  </datafield>
  <datafield tag="942" ind1=" " ind2=" ">
    <subfield code="a">NBS</subfield>
    <subfield code="c">BK</subfield>
    <subfield code="k">808.882 OXF</subfield>
    <subfield code="2">ddc</subfield>
  </datafield>
  <datafield tag="999" ind1=" " ind2=" ">
    <subfield code="c">346925</subfield>
    <subfield code="d">346925</subfield>
  </datafield>
  <datafield tag="952" ind1=" " ind2=" ">
    <subfield code="0">0</subfield>
    <subfield code="1">0</subfield>
    <subfield code="4">0</subfield>
    <subfield code="7">0</subfield>
    <subfield code="a">CL</subfield>
    <subfield code="b">CL</subfield>
    <subfield code="d">2013-08-28</subfield>
    <subfield code="o">808.882 OXF</subfield>
    <subfield code="p">NBS1694</subfield>
    <subfield code="r">2016-05-13</subfield>
    <subfield code="w">2013-08-28</subfield>
    <subfield code="y">REF</subfield>
  </datafield>
</record>
